Formas alternativas de resolución de conflictos de tierra en Guatemala, un contexto intercultural: una aproximación desde la experiencia de la Mesa de Negociación de Conflictos de Tierra de Alta Verapaz /
Guardado en:
| Autores Corporativos: | , |
|---|---|
| Formato: | Texto |
| Publicado: |
Guatemala:
CONGCOOP
|
| Materias: | |
| Etiquetas: |
Agregar Etiqueta
Sin Etiquetas, Sea el primero en etiquetar este registro!
|
MARC
| LEADER | 00000 a a2200000 04500 | ||
|---|---|---|---|
| 001 | 27881 | ||
| 003 | |||
| 040 | |||
| 020 | |a 99922-69-19-7 | ||
| 090 | |a 186700 | ||
| 110 | |a Coordinación de ONG y Cooperativas | ||
| 245 | |a Formas alternativas de resolución de conflictos de tierra en Guatemala, un contexto intercultural: una aproximación desde la experiencia de la Mesa de Negociación de Conflictos de Tierra de Alta Verapaz / |c Coordinación de ONG y Cooperativas | ||
| 260 | |a Guatemala: |b CONGCOOP | ||
| 300 | |a 113 p |b **no definido** |b fonodiscos | ||
| 650 | |a SOLUCION DE CONFLICTOS | ||
| 650 | |a SECTOR AGROPECUARIO | ||
| 650 | |a COMUNIDADES RURALES | ||
| 650 | |a TENENCIA DE LA TIERRA | ||
| 650 | |a NEGOCIACION COLECTIVA | ||
| 650 | |a PARTICIPACION COMUNITARIA | ||
| 650 | |a POLITICA AGRICOLA | ||
| 650 | |a ORGANIZACIONES CAMPESINAS | ||
| 650 | |a ORGANIZACIONES NO GUBERNAMENTALES | ||
| 710 | |a CONGCOOP | ||
| 999 | |c 15503 |d 15503 | ||



